Woman in the Nineteenth Century ; (Record no. 237942)
[ view plain ]
| 000 -LEADER | |
|---|---|
| fixed length control field | 01086cam a22003253a 4500 |
| 001 - CONTROL NUMBER | |
| control field | 8642 |
| 003 - CONTROL NUMBER IDENTIFIER | |
| control field | PGUSA |
| 005 - DATE AND TIME OF LATEST TRANSACTION | |
| control field | 20140828083202.0 |
| 008 - FIXED-LENGTH DATA ELEMENTS--GENERAL INFORMATION | |
| fixed length control field | 050801s2005||||xxu|||||s|||||000 | eng d |
| 040 ## - CATALOGING SOURCE | |
| Original cataloging agency | PGUSA |
| Language of cataloging | eng |
| 042 ## - AUTHENTICATION CODE | |
| Authentication code | dc |
| 050 #4 - LIBRARY OF CONGRESS CALL NUMBER | |
| Classification number | HQ |
| 100 1# - MAIN ENTRY--PERSONAL NAME | |
| Personal name | Fuller, Margaret, |
| Dates associated with a name | 1810-1850 |
| 245 10 - TITLE STATEMENT | |
| Title | Woman in the Nineteenth Century ; |
| Remainder of title | and, Kindred Papers Relating to the Sphere, Condition and Duties, of Woman. |
| Medium | [electronic resource] / |
| Statement of responsibility, etc | Margaret Fuller |
| 260 ## - PUBLICATION, DISTRIBUTION, ETC. (IMPRINT) | |
| Name of publisher, distributor, etc | Project Gutenberg, |
| Date of publication, distribution, etc | 2005 |
| 506 ## - RESTRICTIONS ON ACCESS NOTE | |
| Terms governing access | Public domain in the USA. |
| 516 ## - TYPE OF COMPUTER FILE OR DATA NOTE | |
| Type of computer file or data note | Electronic text |
| 653 ## - INDEX TERM--UNCONTROLLED | |
| Uncontrolled term | Social history -- 19th century |
| 653 ## - INDEX TERM--UNCONTROLLED | |
| Uncontrolled term | Man-woman relationships |
| 653 ## - INDEX TERM--UNCONTROLLED | |
| Uncontrolled term | Women's rights |
| 653 ## - INDEX TERM--UNCONTROLLED | |
| Uncontrolled term | Women -- Social and moral questions |
| 653 ## - INDEX TERM--UNCONTROLLED | |
| Uncontrolled term | Feminism |
| 653 ## - INDEX TERM--UNCONTROLLED | |
| Uncontrolled term | Women -- History -- Modern period, 1600- |
| 700 1# - ADDED ENTRY--PERSONAL NAME | |
| Personal name | Fuller, Arthur B. |
| Fuller form of name | (Arthur Buckminster), |
| Dates associated with a name | 1822-1862 |
| 700 1# - ADDED ENTRY--PERSONAL NAME | |
| Personal name | Greeley, Horace, |
| Dates associated with a name | 1811-1872 |
| 740 0# - ADDED ENTRY--UNCONTROLLED RELATED/ANALYTICAL TITLE | |
| Uncontrolled related/analytical title | Woman in the 19th Century |
| 830 #0 - SERIES ADDED ENTRY--UNIFORM TITLE | |
| Uniform title | Project Gutenberg |
| Volume number/sequential designation | 8642 |
| 856 40 - ELECTRONIC LOCATION AND ACCESS | |
| Uniform Resource Identifier | <a href="http://www.gutenberg.org/ebooks/8642">http://www.gutenberg.org/ebooks/8642</a> |
| 942 ## - ADDED ENTRY ELEMENTS (KOHA) | |
| Koha item type | eBooks |
| Withdrawn status | Lost status | Damaged status | Home library | Current library | Date acquired | Total Checkouts | Date last seen | Price effective from | Koha item type |
|---|---|---|---|---|---|---|---|---|---|
| Project Gutenberg | Project Gutenberg | 08/28/2014 | 08/28/2014 | 08/28/2014 | eBooks |